|
|
|
|
| LEADER |
00928nam a2200265 u 4500 |
| 001 |
10029784 |
| 003 |
GR-PaULI |
| 005 |
20210117210012.0 |
| 008 |
990903s uk eng |
| 020 |
|
|
|a 0582040132
|
| 040 |
|
|
|a GR-PaULI
|c GR-PaULI
|b gre
|e AACR2
|
| 082 |
0 |
4 |
|a 339
|2 23
|
| 100 |
1 |
|
|a Staklake, G. F.
|9 153306
|q (George Frederick)
|e συγγραφέας.
|
| 240 |
|
|
|a
|
| 245 |
1 |
0 |
|a Macroeconomics :
|b an introduction /
|c G.F Stanlake.
|
| 250 |
|
|
|a 4th ed.
|
| 260 |
|
|
|a Essex :
|b Longman,
|c 1989.
|
| 300 |
|
|
|a vi, 266 σ. :
|b εικ. ;
|c 24 εκ.
|
| 500 |
|
|
|a Περιλαμβάνει ευρετήριο.
|
| 504 |
|
|
|a
|
| 650 |
|
4 |
|9 1677
|a Μακροοικονομική
|
| 942 |
|
|
|2 ddc
|c BK15
|
| 952 |
|
|
|0 0
|1 0
|2 ddc
|4 0
|6 339_000000000000000_STA
|7 0
|9 198155
|a LISP
|b LISP
|c BSC
|d 2016-04-24
|i 3787
|l 0
|o 339 STA
|p 025000048034
|r 2016-04-24 00:00:00
|t 1
|w 2016-04-24
|y BK15
|
| 998 |
|
|
|c ΜΠΟΥΡΑΣ
|d 2017-10
|
| 999 |
|
|
|c 121686
|d 121686
|